Ze dne na den nové trhy nenajdeme

Rozhovor s generálnym riaditeľom Stáleho sekretariátu Rady colnej únie Ing. R. Besíkom o colnej únii medzi SR a ČR. 3 základné orgány únie - Rada colnej únie, stály sekretariát, rozhodcovská komisia. Ekonomické výhody colnej únie. Medzinárodný význam colnej únie. Negatívne stránky colnej únie. Clear...

Description complète

Enregistré dans:
Détails bibliographiques
Auteur principal: Besík, R.
Autres auteurs: Žahour, Jan
Format: Chapitre de livre
Langue:tchèque
Sujets:
Tags: Ajouter un tag
Pas de tags, Soyez le premier à ajouter un tag!

MARC

LEADER 00000naa a2200000 4500
001 r015937
005 20221213082148.3
041 0 |a cze 
044 |a CZ 
245 1 0 |a Ze dne na den nové trhy nenajdeme  |c R. Besík, J. Žahour 
520 |a Rozhovor s generálnym riaditeľom Stáleho sekretariátu Rady colnej únie Ing. R. Besíkom o colnej únii medzi SR a ČR. 3 základné orgány únie - Rada colnej únie, stály sekretariát, rozhodcovská komisia. Ekonomické výhody colnej únie. Medzinárodný význam colnej únie. Negatívne stránky colnej únie. Clearingový styk. Budúcnosť colnej únie. 
610 2 0 |a únie colné 
610 2 0 |a klíring 
610 2 0 |a Slovensko 
610 2 0 |a Česko 
100 1 |a Besík, R. 
700 1 |a Žahour, Jan